000 02360nam a22002057a 4500
005 20260203144417.0
008 260127b ||||| |||| 00| 0 eng d
040 _cSSBUL
041 _aEnglish
082 _223
_bT-25 Ph.D
100 0 _aNi Ni Khin,
_b4 PhD(R)-Hist-15.
_965764
245 1 0 _aAgrarian society of Shwebo township (1752-1885) /
_cNi Ni Khin.
260 _aMandalay :
_bUniversity of Mandalay,
_c2012.
300 _axxvi, 211 p. ,
_bmap, photo,
_c29 cm.
502 _aIn preparing this dissertation on the Agrarian Society of Shwebo Township during the Konbaung Period, based on the hundreds of contemporary manuscript records collected from the study area, focus is made on the then agriculture and its related economy engaged in by the peasants. In a broader sense, it is the study of socioeconomic life of the people who had been living in this township. The economic development of the people greatly depended mostly on the ruling monarchs, because he could demand corvee labour and recruits. The Shwebo was an agricultural region. So the study focuses on dams and water tanks dug by the ancient kings for irrigation. Evidences are obtained from stone inscriptions, erected near the lakès and dams by the kings. These inscriptions explain the purpose of digging canals, lakes, reservoirs, and the benefits enjoyed by the peasants. Several hundred Thet-kayits—Land Mortgage written on Parabaiks of the Konbaung Period are also studied to know the socio-economic life of the people, system of water distribution and rate, maintenance of the lakes and dams, and the benefits. A study is also made on the economic conditions of the rural people and other relevant factors like land values, crops and cattle prices and other commodity prices. A detail account of money-lending business and relations between creditors and the debtors that greatly reflect on the lives of landowners and peasantry is highlighted.
_bPh.D
_cUniversity of Mandalay
_d2010
504 _aIncluded bibliography
505 _aIntroduction Chapters 1. Tanks, Reservoirs and Irrigation Works 2. Economy 3. Rural Life 4. Creditor and Debtor: Their Inter-dependency Conclusion Maps Photographs Appendices Bibliography
_rNi Ni Khin
_tAgrarian society of Shwebo township (1752-1885)
650 _aAgriculture
_xHistory
_y(1752–1885)
_965765
_zShwebo
942 _2ddc
_cREF
999 _c47345
_d47345